000 00992nas a2200361 4500
001 BR0200299
003 BR-BrBNA
005 20231205102707.0
007 ta
008 230509b bl.|||p| |||| 00| 00por d
040 _aBR-BrBNA
_bpor
_cBiblioteca Nacional de Agricultura
041 _a(Pt)
072 _aL51
100 1 _aLadeira, M.M.
100 1 _aRodriguez, N.M.
100 1 _aGonçalves, L.C.
100 1 _aBorges, I.
100 1 _aBenedetti, E.
100 1 _aBrito, S.C.
100 1 _aSá, L.A.P.
245 1 _aCinética ruminal do feno de Stylosanthes guianensis
650 _aCARNEIRO
650 _aFISTULAÇÃO
650 _aDUODENO
650 _aRÚMEN
650 _aFENO
650 _aSTILOSANTE
650 _aPH
650 _aVETERINÁRIA
773 0 _tArquivo Brasileiro de Medicina Veterinária e Zootecnia (Brazil)
_xISSN 0102-0935
_g(Apr 2001), v. 53(2) p. 224-230
_wBR0200299
909 _a202311
_bLúcia
_c55
_dLúcia Elande
942 _2AGRIS
_n0
_cANA
999 _c168858
_d168858